ბათუმის შოთა რუსთაველის სახელმწიფო უნივერსიტეტის ბიბლიოთეკა

სიტყვის თავისუფლება / (ბიბ.ჩანაწერი № 59361)

000 -ლიდერი
ფიქსირებული სიგრძის საკონტროლო ველი 01298nam a22002297a 4500
003 - საკონტროლო ნომრის იდენტიფიკატორი
საკონტროლო ველი Ge_BSU
005 - ბოლო ოპერაციის თარიღი და დრო
საკონტროლო ველი 20230130154520.0
008 - ფიქსირებული სიგრძის მონაცემთა ელემენტები - ზოგადი ინფორმაცია
ფიქსირებული სიგრძის საკონტროლო ველი 230130s2002 ge ||||| |||| 00| 0 geo d
020 ## - წიგნის საერთაშორისო სტანდარტული ნომერი
International Standard Book Number 9992881887
041 ## - ენის კოდი
Language code of text/sound track or separate title geo
080 ## - უნივერსალური ათობითი კლასიფიკაციის ინდექსი
Universal Decimal Classification number 342.732 ს-54
245 ## - ცნობა სათაურის შესახებ
Title სიტყვის თავისუფლება /
Statement of responsibility, etc თარგმ.: ქეთევან როინიშვილი, ირმა ხვედელიძე ; რედ. ირაკლი სესიაშვილი ; [წინასიტყვ. თინათინ ხიდაშელი].
264 ## - წარმოების, გამოცემის, დისტრიბუციის და სხვა ცნობები
გამოცემის, წარმოების, დისტრიბუციის... ადგილი თბილისი :
გამოცემის, წარმოების, დისტრიბუციის... სახელწოდება საია,
გამოცემის, წარმოების, დისტრიბუციის... თარიღი 2002.
300 ## - ფიზიკური აღწერა
Extent 332 გვ. ;
Other physical details 20 სმ.
490 ## - სერიის ცნობა
Series statement ახალგაზრდა იურისტის ბიბლიოთეკა ;
Volume number/sequential designation 2
653 ## - INDEX TERM--UNCONTROLLED
Uncontrolled term სიტყვის თავისუფლება.
700 ## - ADDED ENTRY--PERSONAL NAME
Personal name როინიშვილი, ქეთევან
Relator term მთარგმნელი
9 (RLIN) 16822
700 ## - ADDED ENTRY--PERSONAL NAME
Personal name ხვედელიძე, ირმა
Relator term მთარგმნელი
9 (RLIN) 16823
700 ## - ADDED ENTRY--PERSONAL NAME
Personal name სესიაშვილი, ირაკლი
Relator term რედაქტორი
9 (RLIN) 936
700 ## - ADDED ENTRY--PERSONAL NAME
Personal name ხიდაშელი, თინათინ
Relator term წინასიტყვაობა
9 (RLIN) 16824
942 ## - ADDED ENTRY ELEMENTS (KOHA)
Source of classification or shelving scheme
Koha item type წიგნი
ეგზემპლარები
ჩამოწერის სტატუსი დაკარგული ეგზემპლარის სტატუსი კლასიფიკაციის წყარო ან თაროზე გაწყობის სქემა დაზიანების სტატუსი არ გაიცემა მუდმივი მდებარეობა (დაცვის ადგილი) ამჟამინდელი ადგილსამყოფელი თაროზე განთავსების ადგილი შეძენის თარიღი ღირებულება, შესყიდვის ნორმალური ფასი სრული შენახვის შიფრი შტრიხკოდი ბოლო ოპერაციის თარიღი ეგზემპლარის მიმდევრობითი ნომერი (კეტერი?) ფასის ძალაში შესვლის თარიღი ეგზემპლარის სახეობა საჯარო შენიშვნა
          ბათუმის შოთა რუსთაველის სახელმწიფო უნივერსიტეტის მთავარი ბიბლიოთეკა ბათუმის შოთა რუსთაველის სახელმწიფო უნივერსიტეტის მთავარი ბიბლიოთეკა წიგნსაცავი 2023-01-30 5.00 342.732 ს-54 63637 2023-01-30 63637 2023-01-30 წიგნი 5 ლ.
          ბათუმის შოთა რუსთაველის სახელმწიფო უნივერსიტეტის მთავარი ბიბლიოთეკა ბათუმის შოთა რუსთაველის სახელმწიფო უნივერსიტეტის მთავარი ბიბლიოთეკა წიგნსაცავი 2023-01-30 5.00 342.732 ს-54 63638 2023-01-30 63638 2023-01-30 წიგნი 5 ლ.
          ბათუმის შოთა რუსთაველის სახელმწიფო უნივერსიტეტის მთავარი ბიბლიოთეკა ბათუმის შოთა რუსთაველის სახელმწიფო უნივერსიტეტის მთავარი ბიბლიოთეკა წიგნსაცავი 2023-01-30 5.00 342.732 ს-54 63639 2023-01-30 63639 2023-01-30 წიგნი 5 ლ.
          ბათუმის შოთა რუსთაველის სახელმწიფო უნივერსიტეტის მთავარი ბიბლიოთეკა ბათუმის შოთა რუსთაველის სახელმწიფო უნივერსიტეტის მთავარი ბიბლიოთეკა წიგნსაცავი 2023-01-30 5.00 342.732 ს-54 63640 2023-01-30 63640 2023-01-30 წიგნი 5 ლ.